Statistics for Top 10 Hottest American Countries

Click here to take the quiz!

General Stats

  • This quiz has been taken 192 times
  • The average score is 8 of 10

Answer Stats

° CCountry% Correct
25.40Panama
92%
25.50St. Lucia
85%
26Barbados
84%
25.75Trinidad and Tobago
84%
26.80St. Vincent and the Grenadines
82%
26Antigua and Barbuda
82%
26Guyana
81%
26.65Grenada
80%
25.30Belize
80%
25.70Suriname
79%

Score Distribution

Percentile by Number Answered

Percent of People with Each Score

Your Score History

You have not taken this quiz